000
00270nam a2200121Ia 4500
008
190216s9999||||xx |||||||||||||| ||und||
100
_a
Trivedi H
245
0
_a
Hindi-Mahapurushan Ki Smaran
260
_b
Rajkamal
_c
2008
300
_a
80
650
_a
Hindi
942
_c
BK
999
_c
16558
_d
16558